000 00686nam a2200265Ia 4500
005 20260306164425.0
008 008 260114s9999 xx 000 0 eng d
020 _a9780191756931
037 _aEBOOK
040 _aCRL
040 _beng
040 _cCRL
041 _2eng
041 _aeng
084 _qCRL
100 _aColin Haselgrove, Katharina Rebay-salisbury, Peter S. Wells
_91130701
245 4 _aThe Oxford Handbook Of The European Iron Age
260 _bOxford University Press
260 _c2018
650 _aArchaeology
856 _uhttps://academic.oup.com/edited-volume/34750
942 _cEBOOK
999 _c1714023
_d1714023